00469nam a2200145Ia 4500008004100000082001300041082000800054245009800062245001700160260001700177300000900194942000800203999001900211952009300230231017s9999 xx 000 0 und d a388.4068 bFIN 0a"Advances in Computational Intelligence in Transport, Logistics, and Supply Chain Management" 0cAndreas Fink bAndreas Fink c30cm cREP c604140d604140 00104070aNITbNITd2023-10-17l0o388.4068 FINpNIT-6637r2023-10-17w2023-10-17yREP